LEADER 01113nam0-2200373li-450 001 990000250000203316 005 20180312154632.0 010 $a88-08-02572-1 035 $a0025000 035 $aUSA010025000 035 $a(ALEPH)000025000USA01 035 $a0025000 100 $a2001999011986-------y0itay0103----ba 101 0 $aita 102 $aIT 200 1 $aElettrotecnica generale$fMario Pezzi 205 $a2. ed 210 $aBologna$cZanichelli Editore$dcopyr. 1986 215 $aXV, 614 p.$cill.$d27 cm 610 1 $aelettrotecnica 676 $a6213$9Ingegneria elettromagnetica e branche connesse 700 1$aPezzi,$bMario$014612 801 $aSistema bibliotecario di Ateneo dell' Università di Salerno$gRICA 912 $a990000250000203316 951 $a621.3 PEZ$b24263/CBS$c621.3$d00326884 959 $aBK 969 $aSCI 979 $c19990102 979 $c20001110$lUSA01$h1715 979 $c20020403$lUSA01$h1633 979 $aPATRY$b90$c20040406$lUSA01$h1618 979 $aRSIAV6$b90$c20090909$lUSA01$h1124 996 $aElettrotecnica generale$9119364 997 $aUNISA LEADER 02702nas 2200517 n 450 001 990008896300403321 005 20240229084257.0 011 $a0523-056X 035 $a000889630 035 $aFED01000889630 035 $a(Aleph)000889630FED01 035 $a000889630 091 $2CNR$aP 00008641 100 $a20161109b19501987km-y0itaa50------ba 101 0 $afre 102 $aFR 110 $aauu-------- 200 1 $aAnnales scientifiques de l'Université de Besancon. Géologie 207 1$a1950-1987 210 $aBesancon$cInstitut des sciences naturelles 430 0$1001000889620$12001$aAnnales scientifiques de Franche-Comté. Géologie 440 0$1001000889645$12001$aAnnales scientifiques de l'Université de Franche-Comté. Géologie 530 0 $aAnnales scientifiques de l'Université de Besancon. Géologie 675 $a55 675 $a551.1/.4 675 $a001.891 676 $a001.4 676 $a551 676 $a550 712 02$aUniversité de Besançon 801 0$aIT$bACNP$c20090723 859 4 $uhttp://acnp.cib.unibo.it/cgi-ser/start/it/cnr/dc-p1.tcl?catno=4127&person=false&language=ITALIANO&libr=&libr_th=unina1$zBiblioteche che possiedono il periodico 901 $aSE 912 $a990008896300403321 958 $aBiblioteca del Gruppo Geomineralogico - Università degli studi di Napoli Federico II$b1950-1958;1971;$fGM1 958 $aBiblioteca Centralizzata. Facoltà di Agraria dell'Università Federico II di Napoli$b1950-1987.$fFAGBC 958 $aBiblioteca. Dipartimento di Ingegneria Idraulica, Geotecnica e Ambientale. Sede di p.le Tecchio (Geologia applicata). Università degli studi di Napoli Federico II$b1959;$fDINGE 959 $aGM1 959 $aFAGBC 959 $aDINGE 996 $aAnnales scientifiques de l'Université de Besancon. Géologie$9801417 997 $aUNINA AP1 8 $6866-01$aNA081 Biblioteca del Gruppo Geomineralogico - Università degli studi di Napoli Federico II$elargo San Marcellino, 10, 80138 Napoli (NA)$m0812538157$nit AP1 8 $6866-02$aNA087 Biblioteca Centralizzata. Facoltà di Agraria dell'Università Federico II di Napoli$ev. Università, 100 Palazzo Reale, 80055 Portici (NA)$m081-2539322$m081-7760229$nit AP1 8 $6866-03$aNA118 Biblioteca. Dipartimento di Ingegneria Idraulica, Geotecnica e Ambientale. Sede di p.le Tecchio (Geologia applicata). Università degli studi di Napoli Federico II$ep.le Tecchio,80, Napoli (NA)$m(081) 7682169$m(081) 7682162$nit AP2 40$aacnp.cib.unibo.it$nACNP Italian Union Catalogue of Serials$uhttp://acnp.cib.unibo.it/cgi-ser/start/it/cnr/df-p.tcl?catno=4127&language=ITALIANO&libr=&person=&B=1&libr_th=unina&proposto=NO LEADER 01604nam0 2200385 i 450 001 VAN00102858 005 20240806100721.572 017 70$2N$a978-1-4614-9542-0 100 $a20151012d2014 |0itac50 ba 101 $aeng 102 $aUS 105 $a|||| ||||| 200 1 $aFunctional and phylogenetic ecology in R$fNathan G. Swenson 210 $aNew York$cSpringer$d2014 215 $aXII, 212 p.$cill.$d24 cm 410 1$1001VAN00102661$12001 $aUse R!$1210 $aBerlin [etc.]$cSpringer$d2006- 500 1$3VAN00239791$aFunctional and phylogenetic ecology in R$91410749 606 $a92-XX$xBiology and other natural sciences [MSC 2020]$3VANC020839$2MF 606 $a92D15$xProblems related to evolution [MSC 2020]$3VANC023324$2MF 610 $aEcological Analyses$9KW:K 610 $aEcology$9KW:K 610 $aFunctional Trait Analysis$9KW:K 610 $aPhylogenetics in R$9KW:K 610 $aPhylogeny$9KW:K 620 $aUS$dNew York$3VANL000011 700 1$aSwenson$bNathan G.$3VANV080283$0721712 712 $aSpringer $3VANV108073$4650 801 $aIT$bSOL$c20240906$gRICA 856 4 $uhttp://dx.doi.org/10.1007/978-1-4614-9542-0$zE-book ? Accesso al full-text attraverso riconoscimento IP di Ateneo, proxy e/o Shibboleth 899 $aBIBLIOTECA CENTRO DI SERVIZIO SBA$2VAN15 912 $fN 912 $aVAN00102858 950 $aBIBLIOTECA CENTRO DI SERVIZIO SBA$d15CONS SBA EBOOK 4584 $e15EB 4584 20191106 996 $aFunctional and phylogenetic ecology in R$91410749 997 $aUNICAMPANIA